|
|
|
|
| LEADER |
00737cam a2200229ua 4500 |
| 008 |
060815t2002||||||||||| 001 ||eng c |
| 020 |
|
|
|a 0-333-63261-3
|
| 041 |
0 |
|
|a eng
|
| 082 |
|
|
|a 361.610 945
|b QUI/I
|
| 245 |
0 |
0 |
|a Italy`s social revelution: charity and welfare from liberalism to facism /
|
| 250 |
|
|
|a 1
|
| 260 |
|
|
|a New York:
|b Palgrave,
|c 2002.
|
| 300 |
|
|
|a xv, 429p..
|
| 362 |
1 |
|
|a 2002.
|
| 365 |
|
|
|a Pd.75.00
|e hb
|
| 500 |
|
|
|a Includes bibliographies and index.
|
| 504 |
|
|
|a .
|
| 650 |
0 |
|
|a Social policy-Italy
|
| 700 |
0 |
2 |
|a Quine, Maria Sophia,
|
| 942 |
|
|
|c REFrnce
|
| 999 |
|
|
|c 6519
|d 6519
|
| 952 |
|
|
|0 0
|1 0
|4 0
|6 361_610000000000000_945_QUI
|7 0
|9 6851
|a KUCL
|b KUCL
|d 2014-05-23
|l 0
|o 361.610 945 QUI/
|p 11706
|r 2017-03-04
|w 2014-05-23
|y REFrnce
|